[Event "Philip Hogarty Memorial GM 2019"]
[Site "Stillorgan"]
[Date "2019.01.04"]
[Round "5"]
[White "Astaneh Lopez, Alex"]
[Black "Glek, Igor"]
[Result "1-0"]
[WhiteElo "2427"]
[BlackElo "2453"]
[Annotator "ChessBase"]
[PlyCount "76"]
[EventDate "2019.01.02"]
[EventType "tourn"]
[EventCountry "IRL"]
[SourceTitle "playchess.com"]
[Source "ChessBase"]
[SourceQuality "1"]
[TimeControl "5400+30"]

1. Nf3 {[%emt 0:08:09]} Nf6 {[%emt 0:04:14]} 2. g3 {[%emt 0:01:16]} b5 {[%emt 0:01:56]} 3. d3 {[%emt 0:02:28]} Bb7 {[%emt 0:00:46]} 4. e4 {[%emt 0:00:22]} d6 {[%emt 0:08:45]} 5. Nc3 {[%emt 0:00:35]} b4 {[%emt 0:01:12]} 6. Ne2 {[%emt 0:00:05]} g6 {[%emt 0:04:12]} 7. Bg2 {[%emt 0:01:33]} Bg7 {[%emt 0:02:10]} 8. O-O {[%emt 0:00:15]} Nbd7 {[%emt 0:14:28]} 9. Bd2 {[%emt 0:01:16]} a5 {[%emt 0:00:32]} 10. Qc1 {[%emt 0:00:05]} O-O {[%emt 0:03:00]} 11. Bh6 {[%emt 0:01:00]} e5 {[%emt 0:00:10]} 12. Bg5 {[%emt 0:01:30]} Nc5 {[%emt 0:00:51]} 13. Be3 {[%emt 0:03:33]} Nfd7 {[%emt 0:06:18]} 14. Nd2 {[%emt 0:00:08]} f5 {[%emt 0:01:21]} 15. exf5 {[%emt 0:02:46]} Bxg2 {[%emt 0:00:09]} 16. Kxg2 {[%emt 0:00:04]} gxf5 {[%emt 0:47:56]} 17. f4 {[%emt 0:00:07]} Qe8 {[%emt 0:00:00]} 18. fxe5 {[%emt 0:05:31]} dxe5 {[%emt 0:00:00]} 19. Nb3 {[%emt 0:00:59]} Ne6 {[%emt 0:00:00]} 20. Bh6 {[%emt 0:00:06]} a4 {[%emt 0:00:00]} 21. Bxg7 {[%emt 0:00:06]} Kxg7 {[%emt 0:00:00]} 22. Nd2 {[%emt 0:00:04]} Kh8 {[%emt 0:00:00]} 23. Nf3 {[%emt 0:04:32]} f4 {[%emt 0:00:00]} 24. Qd2 {[%emt 0:00:47]} c5 {[%emt 0:00:00]} 25. Rae1 {[%emt 0:00:08]} Qh5 {[%emt 0:00:00]} 26. a3 {[%emt 0:03:00]} Nf6 {[%emt 0:00:30]} 27. Nxf4 {[%emt 0:00:46]} Nxf4+ {[%emt 0:00:47]} 28. gxf4 {[%emt 0:00:04]} Ng4 {[%emt 0:01:09]} 29. axb4 {[%emt 0:07:50]} cxb4 {[%emt 0:01:37]} 30. Re4 {[%emt 0:00:17]} a3 {[%emt 0:00:28]} 31. bxa3 {[%emt 0:01:17]} bxa3 {[%emt 0:00:02]} 32. h3 {[%emt 0:00:27]} a2 {[%emt 0:00:43]} 33. Qc3 {[%emt 0:00:23]} Rfc8 {[%emt 0:02:22]} 34. Qb2 {[%emt 0:00:05]} a1=Q {[%emt 0:01:22]} 35. Rxa1 {[%emt 0:00:05]} Rxa1 {[%emt 0:00:00]} 36. Qxa1 {[%emt 0:01:05]} Rxc2+ {[%emt 0:00:18]} 37. Kg3 {[%emt 0:00:04]} Nf6 {[%emt 0:00:41]} 38. Rxe5 {[%emt 0:02:45]} Qf7 {[%emt 0:01:01]} 1-0

[Event "Philip Hogarty Memorial GM 2019"]
[Site "Stillorgan"]
[Date "2019.01.04"]
[Round "5"]
[White "Quinn, Mark"]
[Black "Maksimenko, Andrei"]
[Result "1/2-1/2"]
[WhiteElo "2386"]
[BlackElo "2484"]
[Annotator "ChessBase"]
[PlyCount "33"]
[EventDate "2019.01.02"]
[EventType "tourn"]
[EventCountry "IRL"]
[SourceTitle "playchess.com"]
[Source "ChessBase"]
[SourceQuality "1"]
[TimeControl "5400+30"]

1. Nf3 {[%emt 0:00:26]} d5 {[%emt 0:01:07]} 2. c4 {[%emt 0:00:29]} dxc4 {[%emt 0:00:36]} 3. g3 {[%emt 0:00:33]} a6 {[%emt 0:06:41]} 4. Bg2 {[%emt 0:07:46]} Nf6 {[%emt 0:13:33]} 5. O-O {[%emt 0:09:17]} Nc6 {[%emt 0:07:09]} 6. b3 {[%emt 0:09:51]} cxb3 {[%emt 0:03:17]} 7. Qxb3 {[%emt 0:00:34]} e6 {[%emt 0:04:21]} 8. d4 {[%emt 0:04:16]} Be7 {[%emt 0:04:03]} 9. Rd1 {[%emt 0:06:15]} O-O {[%emt 0:01:12]} 10. Nc3 {[%emt 0:02:01]} Rb8 {[%emt 0:19:17]} 11. e4 {[%emt 0:05:54]} Na5 {[%emt 0:20:28]} 12. Qa4 {[%emt 0:48:38]} b6 {[%emt 0:14:16]} 13. Bf4 {[%emt 0:00:30]} Bb7 {[%emt 0:00:30]} 14. Qc2 {[%emt 0:00:30]} Bc8 {[%emt 0:00:30]} 15. Bc1 b5 {[%emt 0:00:30]} 16. d5 {[%emt 0:01:00]} Qe8 {[%emt 0:00:30]} 17. Bf4 {[%emt 0:00:30]} 1/2-1/2

[Event "Philip Hogarty Memorial GM 2019"]
[Site "Stillorgan"]
[Date "2019.01.04"]
[Round "5"]
[White "O`Donnell, Conor"]
[Black "Collins, Sam E."]
[Result "0-1"]
[WhiteElo "2358"]
[BlackElo "2428"]
[Annotator "NA"]
[PlyCount "50"]
[EventDate "2019.01.02"]
[EventType "tourn"]
[EventCountry "IRL"]
[SourceTitle "playchess.com"]
[Source "ChessBase"]
[SourceQuality "1"]
[TimeControl "5400+30"]

1. d4 {[%emt 0:00:00]} Nf6 {[%emt 0:00:00]} 2. c4 {[%emt 0:00:00]} g6 {[%emt 0:00:00]} 3. g3 {[%emt 0:00:05]} Bg7 {[%emt 0:00:02]} 4. Bg2 {[%emt 0:00:06]} O-O {[%emt 0:00:06]} 5. Nc3 {[%emt 0:00:14]} d6 {[%emt 0:00:11]} 6. Nf3 {[%emt 0:00:06]} Nc6 {[%emt 0:00:10]} 7. O-O {[%emt 0:00:06]} e5 {[%emt 0:00:34]} 8. dxe5 {[%emt 0:00:18]} dxe5 {[%emt 0:00:19]} 9. Bg5 {[%emt 0:00:22]} Be6 {[%emt 0:00:17]} 10. Qc1 {[%emt 0:00:25]} Qc8 {[%emt 0:00:48]} 11. Rd1 {[%emt 0:02:38]} Bh3 {[%emt 0:00:19]} 12. Bxf6 {[%emt 0:00:56]} Bxf6 {[%emt 0:00:07]} 13. Nd5 {[%emt 0:00:10]} Bg7 {[%emt 0:00:14]} 14. Bxh3 {[%emt 0:00:50]} Qxh3 {[%emt 0:00:07]} 15. Nxc7 {[%emt 0:00:14]} Rac8 {[%emt 0:00:07]} 16. Nd5 {[%emt 0:00:12]} Rce8 {[%emt 0:00:07]} 17. b4 {[%emt 0:24:20]} e4 {[%emt 0:02:36]} 18. Nh4 {[%emt 0:01:08]} h6 {[%emt 0:06:06]} 19. c5 {[%emt 0:10:22]} g5 {[%emt 0:03:11]} 20. Ng2 {[%emt 0:01:17]} Ne5 {[%emt 0:06:13]} 21. Nge3 {[%emt 0:12:32]} f5 {[%emt 0:00:44]} 22. Rd2 {[%emt 0:03:47]} f4 {[%emt 0:01:28]} 23. Qf1 {[%emt 0:01:53]} Qh5 {[%emt 0:05:40]} 24. Nc2 {[%emt 0:01:13]} Ng4 {[%emt 0:05:05]} 25. h3 {[%emt 0:00:35]} fxg3 {[%emt 0:00:18]} 0-1

[Event "Philip Hogarty Memorial GM 2019"]
[Site "Stillorgan"]
[Date "2019.01.04"]
[Round "5"]
[White "Fitzsimons, David"]
[Black "Lane, Gary W"]
[Result "0-1"]
[WhiteElo "2301"]
[BlackElo "2358"]
[Annotator "TA"]
[PlyCount "124"]
[EventDate "2019.01.02"]
[EventType "tourn"]
[EventCountry "IRL"]
[SourceTitle "playchess.com"]
[Source "ChessBase"]
[SourceQuality "1"]

{[%evp 25,124,19,47,51,50,53,68,70,101,58,70,21,34,22,31,16,18,10,60,54,40,-44,0,0,0,0,0,0,7,0,0,0,70,68,174,93,87,60,83,83,86,41,85,93,85,89,84,85,87,77,121,76,47,0,41,0,0,0,0,0,31,39,52,0,4,0,365,363,367,343,422,376,358,351,520,502,525,356,603,592,359,0,0,0,0,0,0,-669,-663,-29971,-29974,-29979,-29980,-29980,-29981,-29982,-29983,-29982,-29983,-29997,-29998]} 1. e4 c5 2. Nf3 Nc6 3. Bb5 e6 4. O-O Nge7 5. Re1 a6 6. Bf1 Ng6 7. c3 Be7 8. d4 cxd4 9. cxd4 d5 10. e5 O-O {B30: Sicilian: 2...Nc6 3 Bb5, lines without ...g6} 11. Nc3 f5 (11... Nh4 12. Nxh4 Bxh4 13. Be3 Bd7 14. Rc1 b5 15. Ne2 f5 16. exf6 Qxf6 17. g3 Bg5 18. Bxg5 Qxg5 {½-½ (31) Ni,H (2646)-Wang,H (2737) China 2013}) 12. exf6 Bxf6 13. Be3 Bd7 {LiveBook: 8 Games} 14. Na4 b6 $146 ({Predecessor:} 14... Nh4 15. Nxh4 Bxh4 16. Nc5 Bc8 17. g3 Be7 18. Rc1 {½-½ (51) Mirkovic,S (2350)-Matic,R (2300) Yugoslavia 1997}) 15. Bd3 Be8 16. Rc1 Na5 17. Qc2 Nc4 18. Nc3 (18. Bxc4 dxc4 19. Nc3 (19. Qxc4 $2 b5 $19) 19... Bc6 $11) (18. b3 $5 {[%cal Rb3c4]} Nxe3 19. Rxe3 $16) 18... Rc8 19. Qe2 b5 20. b3 Nxe3 21. Qxe3 Rc6 22. Bxg6 Bxg6 23. Ne5 ({White should play} 23. Ne2 $14 Rxc1 24. Rxc1) 23... Bxe5 (23... Bg5 $5 {[%cal Rg5e3]} 24. Qh3 Rc7 25. Nxg6 (25. Qxe6+ Bf7 $17) 25... hxg6 $11) 24. Qxe5 Qf6 25. Qe3 {Threatens to win with Ne4.} Rfc8 26. a3 h6 27. h3 Qf8 28. b4 Bf7 (28... Qd6 $11) 29. Ne2 $1 $14 g5 (29... Rc4 $14) 30. Rxc6 (30. Rc5 $1 $18) 30... Rxc6 $16 31. Nc1 Qg7 32. Nb3 Rc4 33. Rd1 g4 34. h4 Qf6 {[#]} 35. Qg3 $1 h5 36. Re1 Rc2 {[#]} 37. Re5 $1 Bg6 38. Nc5 Bf5 39. Qe3 {[%cal Rc5e6]} Kf7 40. g3 Ra2 41. Kg2 Ra1 42. Qf4 {Nd7 is the strong threat.} Rxa3 43. Nd7 Qe7 44. Rxf5+ exf5 45. Qxf5+ $14 {[%mdl 4160] Endgame Double Attack. KQR-KQN} Ke8 $2 {[%mdl 8192]} (45... Kg7 $11 {and Black is okay.} 46. Ne5 Qe8) 46. Ne5 $18 Rc3 {and the idea ...Kd8 leaves Black hopeful.} 47. Qxh5+ Kd8 48. Qxg4 Kc7 49. h5 {[%cal Bh4h5,Bh5h6][%mdl 32]} Kb7 (49... Qh7 $142 50. Qg6 Qxg6 51. hxg6 (51. Nxg6 Rc6 $16) 51... Kd6) 50. h6 Qh7 51. Qh4 a5 $2 (51... Rc7 52. Qf4 Qc2) 52. bxa5 b4 53. Kh2 $2 ({White has to play} 53. Qf6 $18 Qe4+ 54. Kh3) 53... b3 $11 54. Qf6 {Strongly threatening a6+.} b2 55. Qb6+ {[%mdl 64] Double Attack} Ka8 56. Qa6+ $2 {[%mdl 8192]} (56. Qxb2 $11 Qxh6+ 57. Kg2) 56... Qa7 $19 57. Qb5 Qb7 {Black mates.} 58. Qe8+ Ka7 59. a6 Qh7 60. Nc6+ {[#]} Rxc6 $1 {[%mdl 576] Promotion} 61. Qxc6 b1=Q 62. Qxd5 Qxh6+ {[%mdl 64] Double Attack. Accuracy: White = 48%, Black = 57%.} 0-1

[Event "Philip Hogarty Memorial GM 2019"]
[Site "Stillorgan"]
[Date "2019.01.05"]
[Round "6"]
[White "Glek, Igor"]
[Black "Maksimenko, Andrei"]
[Result "1/2-1/2"]
[WhiteElo "2453"]
[BlackElo "2484"]
[Annotator "TA"]
[PlyCount "51"]
[EventDate "2019.01.02"]
[EventType "tourn"]
[EventCountry "IRL"]
[SourceTitle "playchess.com"]
[Source "ChessBase"]
[SourceQuality "1"]

{[%evp 32,33,39,43]} 1. e4 e5 2. Nf3 Nc6 3. Nc3 Nf6 4. d4 exd4 5. Nxd4 Bb4 6. Nxc6 bxc6 7. Bd3 d5 8. exd5 cxd5 9. O-O O-O 10. Bg5 c6 11. Qf3 h6 12. Bxf6 Qxf6 13. Qxf6 gxf6 14. Ne2 Bd6 15. Nd4 {C47: Scotch Four Knights and Four Knights with 4 g3} c5 16. Nf5 Bxf5 17. Bxf5 {[#] LiveBook: 23 Games} {Predecessor:} Be5 $146 18. Rad1 Bxb2 19. Rxd5 Bd4 20. c3 Bxc3 21. Rxc5 Bd4 22. Rc4 Rfd8 23. Rfc1 Bb6 24. Rc8 Raxc8 25. Rxc8 Rxc8 26. Bxc8 {½-½ (26) Ganguly,S (2650)-Harikrishna,P (2744) Riadh 2017} 1/2-1/2

[Event "Philip Hogarty Memorial GM 2019"]
[Site "Stillorgan"]
[Date "2019.01.05"]
[Round "6"]
[White "Collins, Sam E."]
[Black "Fitzsimons, David"]
[Result "1-0"]
[WhiteElo "2428"]
[BlackElo "2301"]
[Annotator "NA"]
[PlyCount "137"]
[EventDate "2019.01.02"]
[EventType "tourn"]
[EventCountry "IRL"]
[SourceTitle "playchess.com"]
[Source "ChessBase"]
[SourceQuality "1"]
[TimeControl "5400+30"]

1. e4 {[%emt 0:00:00]} g6 {[%emt 0:00:00]} 2. d4 {[%emt 0:00:32]} Bg7 {[%emt 0:00:00]} 3. Nf3 {[%emt 0:00:30]} d6 {[%emt 0:00:06]} 4. Be2 {[%emt 0:01:06]} Nf6 {[%emt 0:00:09]} 5. Nc3 {[%emt 0:00:14]} O-O {[%emt 0:00:07]} 6. O-O {[%emt 0:00:05]} a6 {[%emt 0:00:12]} 7. a4 {[%emt 0:01:08]} Nc6 {[%emt 0:00:22]} 8. a5 {[%emt 0:03:40]} e5 {[%emt 0:02:07]} 9. d5 {[%emt 0:04:47]} Ne7 {[%emt 0:00:36]} 10. b4 {[%emt 0:00:38]} Ne8 {[%emt 0:08:35]} 11. Na4 {[%emt 0:14:45]} f5 {[%emt 0:07:48]} 12. c4 {[%emt 0:00:16]} Nf6 {[%emt 0:03:26]} 13. Nc3 {[%emt 0:01:25]} Nxe4 {[%emt 0:08:25]} 14. Nxe4 {[%emt 0:01:19]} fxe4 {[%emt 0:00:05]} 15. Ng5 {[%emt 0:03:02]} c6 {[%emt 0:11:06]} 16. dxc6 {[%emt 0:07:09]} bxc6 {[%emt 0:00:11]} 17. Nxe4 {[%emt 0:01:29]} Nf5 {[%emt 0:05:20]} 18. Bg4 {[%emt 0:04:37]} Be6 {[%emt 0:13:11]} 19. Nxd6 {[%emt 0:03:25]} Qe7 {[%emt 0:03:45]} 20. c5 {[%emt 0:05:38]} Bd5 {[%emt 0:03:58]} 21. Bxf5 {[%emt 0:06:39]} gxf5 {[%emt 0:00:05]} 22. Ra3 {[%emt 0:00:14]} e4 {[%emt 0:02:12]} 23. Bf4 {[%emt 0:00:51]} Be5 {[%emt 0:07:55]} 24. Qd2 {[%emt 0:01:16]} Kh8 {[%emt 0:00:22]} 25. Rg3 {[%emt 0:01:06]} Rab8 {[%emt 0:00:50]} 26. Rb1 {[%emt 0:03:15]} Qf6 {[%emt 0:00:41]} 27. h3 {[%emt 0:02:15]} Bxf4 {[%emt 0:00:55]} 28. Qxf4 {[%emt 0:01:41]} Ba2 {[%emt 0:00:11]} 29. Rd1 {[%emt 0:01:59]} Rxb4 {[%emt 0:04:00]} 30. Qxf5 {[%emt 0:01:42]} Qxf5 {[%emt 0:00:22]} 31. Nxf5 {[%emt 0:00:06]} Rb5 {[%emt 0:00:34]} 32. Nd6 {[%emt 0:01:55]} Rxc5 {[%emt 0:01:34]} 33. Nxe4 {[%emt 0:01:05]} Rxa5 {[%emt 0:00:03]} 34. Ra1 {[%emt 0:00:43]} Re5 {[%emt 0:00:53]} 35. Rxa2 {[%emt 0:00:13]} Rxe4 {[%emt 0:00:06]} 36. Rxa6 {[%emt 0:00:06]} Re1+ {[%emt 0:09:33]} 37. Kh2 {[%emt 0:00:06]} Re6 {[%emt 0:00:29]} 38. f3 {[%emt 0:03:34]} Rc8 {[%emt 0:01:17]} 39. Rg5 {[%emt 0:01:37]} Re2 {[%emt 0:00:45]} 40. h4 {[%emt 0:02:47]} c5 {[%emt 0:05:08]} 41. Ra7 {[%emt 0:01:59]} Re6 {[%emt 0:00:31]} 42. Rgg7 {[%emt 0:01:02]} h6 {[%emt 0:00:01]} 43. Rh7+ {[%emt 0:02:34]} Kg8 {[%emt 0:00:03]} 44. Rag7+ {[%emt 0:00:14]} Kf8 {[%emt 0:00:05]} 45. Rc7 {[%emt 0:00:14]} Rxc7 {[%emt 0:00:12]} 46. Rxc7 {[%emt 0:00:06]} Re5 {[%emt 0:00:03]} 47. g4 {[%emt 0:01:20]} Ke8 {[%emt 0:00:23]} 48. h5 {[%emt 0:00:57]} Kd8 {[%emt 0:00:04]} 49. Rc6 {[%emt 0:00:45]} Kd7 {[%emt 0:00:42]} 50. Rxh6 {[%emt 0:00:32]} c4 {[%emt 0:00:06]} 51. Ra6 {[%emt 0:00:34]} c3 {[%emt 0:00:50]} 52. Ra2 {[%emt 0:01:02]} Rc5 {[%emt 0:00:14]} 53. Rc2 {[%emt 0:00:05]} Ke6 {[%emt 0:00:10]} 54. Kg3 {[%emt 0:00:23]} Kf6 {[%emt 0:00:16]} 55. f4 {[%emt 0:01:50]} Rc4 {[%emt 0:00:04]} 56. Kf3 {[%emt 0:00:12]} Rc5 {[%emt 0:00:44]} 57. Ke4 {[%emt 0:00:19]} Rc4+ {[%emt 0:00:04]} 58. Ke3 {[%emt 0:00:04]} Ke6 {[%emt 0:01:11]} 59. Kf3 {[%emt 0:04:18]} Kf6 {[%emt 0:00:12]} 60. Kg3 {[%emt 0:00:38]} Ke6 {[%emt 0:01:50]} 61. Kh4 {[%emt 0:01:35]} Kf6 {[%emt 0:02:18]} 62. f5 {[%emt 0:00:48]} Kg7 {[%emt 0:01:16]} 63. Kg5 {[%emt 0:00:39]} Rc5 {[%emt 0:00:14]} 64. h6+ {[%emt 0:01:24]} Kh7 {[%emt 0:00:31]} 65. Kh5 {[%emt 0:00:28]} Kg8 {[%emt 0:00:53]} 66. Kg6 {[%emt 0:00:41]} Rc4 {[%emt 0:00:12]} 67. g5 {[%emt 0:00:22]} Rc7 {[%emt 0:00:32]} 68. Re2 {[%emt 0:06:35]} Rg7+ {[%emt 0:01:30]} 69. hxg7 {[%emt 0:00:08]} 1-0

[Event "Philip Hogarty Memorial GM 2019"]
[Site "Stillorgan"]
[Date "2019.01.05"]
[Round "6"]
[White "Astaneh Lopez, Alex"]
[Black "Fernandez, Daniel Howard"]
[Result "1/2-1/2"]
[WhiteElo "2427"]
[BlackElo "2465"]
[Annotator "TA"]
[PlyCount "147"]
[EventDate "2019.01.02"]
[EventType "tourn"]
[EventCountry "IRL"]
[SourceTitle "playchess.com"]
[Source "ChessBase"]
[SourceQuality "1"]

{[%evp 9,147,45,75,48,58,60,66,52,56,31,27,0,17,0,16,0,18,-36,-25,-13,-43,-43,0,-19,0,0,0,-6,32,-100,-12,-78,-78,-79,-22,-28,44,47,102,101,94,83,893,0,0,0,89,34,20,-20,-16,-46,-61,-61,-61,-55,-52,-52,-46,-64,-52,-48,-50,-60,-8,-8,-8,-8,-8,-8,0,0,0,0,0,0,0,0,0,0,0,0,0,0,0,0,0,0,0,0,0,0,0,0,0,0,0,0,0,0,0,0,0,0,0,0,0,0,0,0,0,0,0,0,0,0,7,7,8,8,8,8,8,8,8,8,8,8,8,8,8,0,0,0,0,0,0,0,0,0]} 1. Nf3 d6 2. d4 g6 3. e4 Bg7 4. c3 h6 (4... Nf6 5. Bd3 O-O 6. O-O c5 7. h3 cxd4 8. cxd4 Nc6 9. Nc3 a6 10. Be3 b5 11. Rc1 Bb7 12. Qd2 Rc8 13. d5 Na5 14. b3 Nd7 15. Bd4 Bxd4 16. Nxd4 Qb6 17. Nce2 Rc5 {½-½ (50) Karjakin,S (2783)-Nepomniachtchi,I (2751) chess.com INT 2017}) 5. Bd3 c5 $146 ({Predecessor:} 5... a6 6. O-O e6 7. Re1 Ne7 8. Nbd2 O-O 9. Nf1 b6 10. Ng3 Bb7 11. Be3 Nd7 12. Qd2 {0-1 (34) Kourousis,E (2393)-Olszynski,K (2151) Katowice 2017}) 6. dxc5 {B06: Modern Defence} dxc5 7. O-O Nc6 8. h3 {White is slightly better.} Nf6 9. e5 Nd5 10. Re1 Be6 11. Qe2 g5 12. Qe4 Nb6 13. c4 (13. Nbd2 $11) 13... Nd7 $15 14. Bc2 Kf8 15. Nc3 Ndxe5 16. Nxe5 Nxe5 17. Qxb7 Qc8 18. Qe4 $1 Nxc4 19. Nd5 (19. Bb3 $14 {stays ahead.} Nd6 20. Qf3) 19... Bd4 (19... Nd6 $1 $17 {[%cal Rd6e4]} 20. Qe2 Rb8) 20. Bb3 (20. Nc7 $11 Rb8 21. Nxe6+ Qxe6 22. Qxe6 fxe6 23. Rb1) 20... Nd6 $17 21. Qf3 c4 (21... Bxd5 $17 22. Qxd5 (22. Bxd5 Rb8 $15) 22... Rb8) 22. Bc2 $11 Kg7 ({Black should play} 22... Rb8 $11) 23. Be3 $14 Bxb2 (23... Bxe3 $1 $14 24. Qxe3 Bxd5 25. Qd4+ Kg8 26. Qxd5 Qf8) 24. Nxe7 $16 Qc7 25. Rab1 {[%mdl 1024] Strongly threatening Nc6. White has strong compensation.} Bf6 $2 {[%mdl 8192] [#]} (25... Qxe7 $16 26. Rxb2 Qf6 27. Qxf6+ Kxf6) 26. Nc6 $2 ({White has to play} 26. Qxf6+ $1 $18 {[%mdl 512]} Kxf6 {[#]} 27. Nd5+ $1 {[%mdl 576] Double Attack} Kg7 28. Bd4+ {[%mdl 64] Skewer} f6 29. Bxf6+ Kf7 30. Nxc7) 26... Nf5 $1 $36 {[%mdl 2048] Black has good play.} 27. Bd2 {And now Bc3 would win.} Bd7 (27... Rac8 $11 {keeps the balance.} 28. Be4 Nd4 29. Nxd4 Bxd4) 28. Nb4 ({White should try} 28. Bc3 $16 Qxc6 29. Be4) 28... c3 $1 $14 {[%cal Rc3d2]} 29. Bxg5 (29. Nd5 {with more complications.} cxd2 30. Nxc7 Nd4 31. Qd5 dxe1=Q+ 32. Rxe1 Nxc2 33. Rc1) 29... hxg5 30. Bxf5 Bxf5 31. Qxf5 Qf4 32. Qxf4 gxf4 33. Nd5 Rac8 {Hoping for ...c2.} 34. Rbc1 Rhd8 35. Nxf6 Kxf6 $15 {[%mdl 4096] Endgame KRR-KRR} 36. Kf1 a5 (36... Rd2 $15) 37. Rc2 $11 {The position is equal.} Kf5 38. Re7 f6 39. Ke2 Rd5 40. g4+ fxg3 41. fxg3 Rb5 42. Re3 a4 43. Kf3 Rb2 44. g4+ Kg6 45. Rcxc3 Rxc3 46. Rxc3 Rxa2 {KR-KR} 47. Rc4 Kf7 48. h4 Ke6 49. h5 Ra1 50. Rc6+ Kf7 51. Rc7+ Ke6 52. Kg2 Ra2+ 53. Kg3 Ra1 54. Kg2 Ra2+ 55. Kf3 Ra1 56. Ra7 a3 57. Kg3 Ra2 58. Kf4 Rf2+ 59. Kg3 Ra2 60. h6 {Intending h7 and mate.} Ra1 61. h7 Rh1 62. Kf4 a2 63. Rxa2 {aiming for Ra7.} Rxh7 64. Ra6+ Kf7 $1 65. Kf5 {Black must now prevent Ra7+.} Rh1 66. Ra7+ Kf8 67. Kxf6 {[%cal Ra7a8]} Rh6+ 68. Kf5 Rb6 69. g5 Kg8 70. g6 Rb1 71. Kf6 {White wants to mate with Ra8+.} Rf1+ 72. Kg5 Rg1+ 73. Kf6 {[%cal Ra7a8]} Rf1+ 74. Kg5 {Accuracy: White = 59%, Black = 63%.} 1/2-1/2

[Event "Philip Hogarty Memorial GM 2019"]
[Site "Stillorgan"]
[Date "2019.01.05"]
[Round "6"]
[White "Lane, Gary W"]
[Black "Quinn, Mark"]
[Result "1/2-1/2"]
[WhiteElo "2358"]
[BlackElo "2386"]
[Annotator "NA"]
[PlyCount "108"]
[EventDate "2019.01.02"]
[EventType "tourn"]
[EventCountry "IRL"]
[SourceTitle "playchess.com"]
[Source "ChessBase"]
[SourceQuality "1"]
[TimeControl "5400+30"]

1. e4 {[%emt 0:04:29]} c5 {[%emt 0:03:32]} 2. Nf3 {[%emt 0:00:25]} e6 {[%emt 0:00:45]} 3. d4 {[%emt 0:00:36]} cxd4 {[%emt 0:00:08]} 4. Nxd4 {[%emt 0:00:05]} Nf6 {[%emt 0:00:09]} 5. Nc3 {[%emt 0:00:33]} d6 {[%emt 0:00:05]} 6. g4 {[%emt 0:00:07]} h6 {[%emt 0:00:44]} 7. h3 {[%emt 0:02:25]} Nc6 {[%emt 0:04:27]} 8. Bg2 {[%emt 0:00:43]} Bd7 {[%emt 0:01:22]} 9. O-O {[%emt 0:05:41]} a6 {[%emt 0:02:24]} 10. Be3 {[%emt 0:03:29]} g5 {[%emt 0:25:21]} 11. Qe2 {[%emt 0:25:11]} Ne5 {[%emt 0:19:27]} 12. f4 {[%emt 0:02:50]} gxf4 {[%emt 0:00:07]} 13. Bxf4 {[%emt 0:00:04]} Be7 {[%emt 0:01:58]} 14. Nf3 {[%emt 0:13:16]} Qb6+ {[%emt 0:08:51]} 15. Kh1 {[%emt 0:00:15]} Ng6 {[%emt 0:07:10]} 16. Be3 {[%emt 0:07:57]} Qc7 {[%emt 0:01:37]} 17. Kg1 {[%emt 0:02:55]} Bc6 {[%emt 0:01:24]} 18. Nd4 {[%emt 0:00:43]} Ne5 {[%emt 0:01:22]} 19. Nxc6 {[%emt 0:04:35]} bxc6 {[%emt 0:00:41]} 20. Rf2 {[%emt 0:02:48]} Nfd7 {[%emt 0:01:05]} 21. b3 {[%emt 0:00:54]} Bg5 {[%emt 0:01:50]} 22. Rd1 {[%emt 0:00:51]} Rg8 {[%emt 0:01:25]} 23. Qd2 {[%emt 0:02:20]} Ke7 {[%emt 0:01:11]} 24. Ne2 {[%emt 0:00:24]} Rad8 {[%emt 0:05:42]} 25. Nf4 {[%emt 0:00:18]} c5 {[%emt 0:01:20]} 26. Nh5 {[%emt 0:01:44]} c4 {[%emt 0:00:47]} 27. Rdf1 {[%emt 0:06:03]} c3 {[%emt 0:01:09]} 28. Qd4 {[%emt 0:03:31]} Qc5 {[%emt 0:02:19]} 29. Qxc5 {[%emt 0:02:11]} Nxc5 {[%emt 0:00:55]} 30. Bd4 {[%emt 0:00:30]} Ncd7 {[%emt 0:00:37]} 31. Re2 {[%emt 0:00:27]} Bd2 {[%emt 0:01:00]} 32. Be3 {[%emt 0:00:27]} Bxe3+ {[%emt 0:00:27]} 33. Rxe3 {[%emt 0:00:01]} Rc8 {[%emt 0:00:17]} 34. Nf4 {[%emt 0:00:30]} Rc5 {[%emt 0:00:37]} 35. Ne2 {[%emt 0:00:58]} Rgc8 {[%emt 0:00:34]} 36. Nd4 {[%emt 0:00:10]} Nf8 {[%emt 0:01:04]} 37. Kh2 {[%emt 0:01:09]} a5 {[%emt 0:00:35]} 38. a4 {[%emt 0:00:05]} Nfg6 {[%emt 0:00:20]} 39. Kg3 {[%emt 0:00:01]} Rh8 {[%emt 0:01:10]} 40. Nb5 {[%emt 0:00:02]} h5 {[%emt 0:00:22]} 41. Rxc3 {[%emt 0:00:06]} Rxc3+ {[%emt 0:00:09]} 42. Nxc3 {[%emt 0:00:08]} hxg4 {[%emt 0:00:10]} 43. Nb5 {[%emt 0:00:34]} gxh3 {[%emt 0:01:30]} 44. Bxh3 {[%emt 0:00:01]} Rh4 {[%emt 0:00:51]} 45. Re1 {[%emt 0:00:16]} Rf4 {[%emt 0:00:38]} 46. Re3 {[%emt 0:02:25]} Nd7 {[%emt 0:00:28]} 47. Bf5 {[%emt 0:01:56]} exf5 {[%emt 0:01:20]} 48. exf5+ {[%emt 0:00:01]} Nde5 {[%emt 0:00:06]} 49. fxg6 {[%emt 0:00:22]} Rg4+ {[%emt 0:00:06]} 50. Kf2 {[%emt 0:00:24]} fxg6 {[%emt 0:00:24]} 51. c3 {[%emt 0:00:39]} Rf4+ {[%emt 0:00:38]} 52. Kg3 {[%emt 0:00:17]} Rg4+ {[%emt 0:00:13]} 53. Kf2 {[%emt 0:01:31]} Rf4+ {[%emt 0:00:15]} 54. Kg3 {[%emt 0:00:13]} Rg4+ {[%emt 0:00:31]} 1/2-1/2